Представление документа в формате RUSMARC

Поле Инд. ПП Название Значение
Тип записи a
Библиографический уровень a
001 Контрольный номер c0e9e5c6df2a453c8fb0a2d5091eb66d
005 Дата корректировки 20181128094716.9
100 a Данные общей обработки 20181128 ||| 0rusy0189 ca
101 0_ a Язык текста rus
102 a Страна публикации RU
200 1_ f Первые сведения об ответственности Т.И. Грицкевич
a Заглавие Реформа гражданского законодательства: практика взыскания ущерба, причиненного арендованному имуществу без экспертизы материального ущерба
b Общее обозначение материала Текст
210 1_ d Дата издания 2017
461 _0 1 2000
a Арбитражный и гражданский процесс
463 _0 1 2000
a № 5
v С. 18-21
1 2101
d 2017
1 001f92cfbc260cf4d64a2e4cb8c8d509c1c
606 a Основная рубрика Гражданское и торговое право
610 0_ a Ключевые слова ОБЯЗАТЕЛЬСТВЕННОЕ ПРАВО
a Ключевые слова ДОКАЗАТЕЛЬСТВА
a Ключевые слова АРБИТРАЖНЫЙ ПРОЦЕСС
700 _1 a Фамилия Грицкевич
b Имя Т.И.
801 _0 a Страна RU
b Организация РГУП
c Дата составления 20181128
g Правила каталогизации PSBO
801 _1 a Страна RU
b Организация РГУП
c Дата составления 20181128
g Правила каталогизации PSBO
901 t Тип документа b
w Контрольный № источника f92cfbc260cf4d64a2e4cb8c8d509c1c
905 a Дата ввода 20181128